[Event "Warsaw AIG Life rapid 8th"]
[Site "Warsaw"]
[Date "2008.12.20"]
[Round "3"]
[White "Jakubowski, Marcin"]
[Black "Vlassov, Nikolai"]
[Result "0-1"]
[WhiteElo "2220"]
[BlackElo "2471"]
[PlyCount "46"]
[EventDate "2008.12.20"]
[EventType "swiss (rapid)"]
[EventRounds "13"]
[EventCountry "POL"]
[SourceTitle "CBM 127 Extra"]
[Source "ChessBase"]
[SourceDate "2009.01.08"]
[SourceVersion "2"]
[SourceVersionDate "2009.01.28"]
[SourceQuality "1"]

1. d4 Nf6 2. Nf3 e6 3. c4 Nc6 4. Nc3 Bb4 5. g3 d6 6. Bg2 e5 7. 0-0 Bxc3 8. bxc3 0-0 9. Qc2 Bg4 10. dxe5 dxe5 11. Ba3 Re8 12. Rfd1 Qc8 13. Ng5 Bf5 14. Qa4 e4 15. f3 exf3 16. exf3 h6 17. Ne4 Nxe4 18. fxe4 Bxe4 19. Re1 Bxg2 20. Kxg2 Qg4 21. Qb5 Re2+ 22. Rxe2 Qxe2+ 23. Kg1 Rd8 0-1

[Event "Warsaw AIG Life rapid 6th"]
[Site "Warsaw"]
[Date "2006.12.17"]
[Round "10"]
[White "Ajrapetjan, Yuriy"]
[Black "Jakubowski, Marcin"]
[Result "1-0"]
[WhiteElo "2403"]
[BlackElo "2229"]
[PlyCount "99"]
[EventDate "2006.12.16"]
[EventType "swiss (rapid)"]
[EventRounds "13"]
[EventCountry "POL"]
[SourceTitle "CBM 115 Extra"]
[Source "ChessBase"]
[SourceDate "2007.01.10"]
[SourceVersion "1"]
[SourceVersionDate "2007.01.10"]
[SourceQuality "1"]

1. d4 Nf6 2. c4 e6 3. Nf3 b6 4. Nc3 d5 5. cxd5 exd5 6. g3 Be7 7. Bg2 0-0 8. 0-0 Bb7 9. Ne5 Re8 10. Qb3 Bf8 11. Bg5 c6 12. e4 Qd6 13. Bxf6 gxf6 14. Ng4 h5 15. e5 fxe5 16. dxe5 Rxe5 17. Nxe5 Qxe5 18. Rfe1 Qf6 19. Qd1 Qg6 20. Re5 h4 21. gxh4 f6 22. Re3 Kh8 23. Rg3 Qh7 24. Qd4 Nd7 25. Bh3 Ne5 26. Qf4 Qh6 27. Qxh6+ Bxh6 28. Ne2 Re8 29. Bf1 c5 30. f4 Nc4 31. Kf2 d4 32. Rg6 Bg7 33. Nxd4 Ne3 34. Bb5 Re7 35. Nf3 Nc2 36. Rc1 Bxf3 37. Rxc2 Be4 38. Re2 f5 39. Bd3 Bd4+ 40. Kg3 Kh7 41. h5 Kh8 42. Bxe4 fxe4 43. f5 e3 44. Kf3 b5 45. Re6 Rh7 46. h6 Rf7 47. Ke4 Kh7 48. b4 Rd7 49. f6 Kg6 50. Rg2+ 1-0

[Event "Warsaw AIG Life rapid 6th"]
[Site "Warsaw"]
[Date "2006.12.17"]
[Round "13"]
[White "Jakubowski, Marcin"]
[Black "Tomczak, Jacek"]
[Result "0-1"]
[WhiteElo "2229"]
[BlackElo "2420"]
[PlyCount "52"]
[EventDate "2006.12.16"]
[EventType "swiss (rapid)"]
[EventRounds "13"]
[EventCountry "POL"]
[SourceTitle "CBM 115 Extra"]
[Source "ChessBase"]
[SourceDate "2007.01.10"]
[SourceVersion "1"]
[SourceVersionDate "2007.01.10"]
[SourceQuality "1"]

1. d4 d5 2. Nf3 Nf6 3. c4 dxc4 4. e3 e6 5. Bxc4 c5 6. 0-0 a6 7. dxc5 Bxc5 8. Qxd8+ Kxd8 9. a3 Nbd7 10. b4 Bd6 11. Bb2 a5 12. bxa5 Rxa5 13. Nbd2 Nb6 14. Be2 Ke7 15. Nb3 Ra8 16. Rfd1 Bd7 17. Bd4 Nbd5 18. Nc5 Bc8 19. a4 b6 20. Nb3 Bb4 21. Bb5 Bb7 22. Rac1 Rhc8 23. Ne5 Bc3 24. h3 Ne4 25. Bxc3 Nexc3 26. Rd4 f6 0-1

[Event "Warsaw AIG Life rapid 6th"]
[Site "Warsaw"]
[Date "2006.12.16"]
[Round "2"]
[White "Bologan, Viktor"]
[Black "Jakubowski, Marcin"]
[Result "1-0"]
[WhiteElo "2659"]
[BlackElo "2229"]
[PlyCount "71"]
[EventDate "2006.12.16"]
[EventType "swiss (rapid)"]
[EventRounds "13"]
[EventCountry "POL"]
[SourceTitle "CBM 115 Extra"]
[Source "ChessBase"]
[SourceDate "2007.01.10"]
[SourceVersion "1"]
[SourceVersionDate "2007.01.10"]
[SourceQuality "1"]

1. e4 e5 2. Nf3 Nc6 3. Bb5 a6 4. Ba4 d6 5. 0-0 Nf6 6. Bxc6+ bxc6 7. d4 exd4 8. Nxd4 Bd7 9. c4 c5 10. Nf3 Be7 11. Nc3 0-0 12. h3 Bc6 13. Re1 Nd7 14. Nd5 Bf6 15. Qc2 Re8 16. Bd2 Ne5 17. Nh2 Bxd5 18. exd5 Ng6 19. Rxe8+ Qxe8 20. Re1 Qd7 21. Ba5 h6 22. Nf3 Ne5 23. Nd2 Re8 24. Ne4 Bd8 25. Ng3 c6 26. Bc3 cxd5 27. cxd5 Ng6 28. Rxe8+ Qxe8 29. Nf5 Bf6 30. Bxf6 gxf6 31. Nxh6+ Kh7 32. Ng4 Qe1+ 33. Kh2 Kg7 34. Qf5 Qe7 35. Qh5 a5 36. f4 1-0

[Event "Warsaw AIG Life rapid 6th"]
[Site "Warsaw"]
[Date "2006.12.16"]
[Round "5"]
[White "Jakubowski, Marcin"]
[Black "Shkapenko, Pavel"]
[Result "0-1"]
[WhiteElo "2229"]
[BlackElo "2382"]
[PlyCount "154"]
[EventDate "2006.12.16"]
[EventType "swiss (rapid)"]
[EventRounds "13"]
[EventCountry "POL"]
[SourceTitle "CBM 115 Extra"]
[Source "ChessBase"]
[SourceDate "2007.01.10"]
[SourceVersion "1"]
[SourceVersionDate "2007.01.10"]
[SourceQuality "1"]

1. d4 Nf6 2. Nf3 e6 3. c4 Bb4+ 4. Bd2 Qe7 5. g3 Nc6 6. Bg2 Bxd2+ 7. Qxd2 Ne4 8. Qc2 Qb4+ 9. Kf1 d5 10. a3 Qxc4 11. Qxc4 dxc4 12. e3 Bd7 13. a4 f6 14. Nbd2 Nxd2+ 15. Nxd2 Na5 16. Ke2 Rb8 17. Rhc1 Bc6 18. Bxc6+ bxc6 19. Rc2 Rb4 20. Rac1 Rxa4 21. Nxc4 Rxc4 22. Rxc4 Nxc4 23. Rxc4 Kd7 24. Ra4 Rb8 25. b4 Rb5 26. Kd3 Kc8 27. Kc4 Kb7 28. Ra1 Kb6 29. e4 e5 30. f4 exd4 31. Re1 d3 32. Kxd3 Rxb4 33. e5 fxe5 34. fxe5 Kc5 35. e6 Rb3+ 36. Kc2 Rb8 37. Rf1 Re8 38. Rf7 Rxe6 39. Rxg7 Re2+ 40. Kc3 Rxh2 41. Rxc7 Rh3 42. Rg7 a5 43. Rg5+ Kb6 44. Kc4 Rh6 45. Rf5 Rg6 46. Rf3 Rg4+ 47. Kb3 Kb5 48. Rf5+ c5 49. Rf3 a4+ 50. Ka3 Rg7 51. Re3 Kc4 52. Rf3 Rd7 53. Rf4+ Rd4 54. Rf7 Rd3+ 55. Kxa4 Rxg3 56. Rxh7 Kc3 57. Rc7 c4 58. Kb5 Rg5+ 59. Ka4 Rg8 60. Rc6 Ra8+ 61. Kb5 Kb3 62. Kc5 c3 63. Kd4 Rd8+ 64. Ke3 c2 65. Rb6+ Kc3 66. Rc6+ Kb2 67. Rb6+ Kc1 68. Ke2 Re8+ 69. Kf2 Re5 70. Rb7 Kd2 71. Rd7+ Kc3 72. Rc7+ Kd3 73. Kf3 Rf5+ 74. Kg4 Rf1 75. Rd7+ Ke3 76. Re7+ Kf2 77. Rf7+ Kg2 0-1

[Event "Warsaw AIG Life rapid 6th"]
[Site "Warsaw"]
[Date "2006.12.16"]
[Round "7"]
[White "Jakubowski, Marcin"]
[Black "Socko, Monika"]
[Result "1-0"]
[WhiteElo "2229"]
[BlackElo "2473"]
[PlyCount "205"]
[EventDate "2006.12.16"]
[EventType "swiss (rapid)"]
[EventRounds "13"]
[EventCountry "POL"]
[SourceTitle "CBM 115 Extra"]
[Source "ChessBase"]
[SourceDate "2007.01.10"]
[SourceVersion "1"]
[SourceVersionDate "2007.01.10"]
[SourceQuality "1"]

1. d4 d6 2. Nf3 g6 3. c4 Bg7 4. Nc3 Nf6 5. Bg5 h6 6. Bh4 g5 7. Bg3 Nh5 8. e3 Bd7 9. Qc2 c5 10. Be2 g4 11. Nh4 Nxg3 12. hxg3 cxd4 13. exd4 Bxd4 14. Nf5 Bxf5 15. Qxf5 Bxc3+ 16. bxc3 Nc6 17. Bxg4 Ne5 18. Bh5 Qc8 19. Qc2 Qxc4 20. Rh4 Qd3 21. Qxd3 Nxd3+ 22. Ke2 Ne5 23. Kd2 e6 24. Be2 Ke7 25. Rah1 Rac8 26. Rxh6 Rxh6 27. Rxh6 Rc5 28. Rh4 Ra5 29. a4 a6 30. Rb4 Kf6 31. Bd1 b6 32. Bb3 Nd7 33. Bc2 Rd5+ 34. Ke3 a5 35. Rf4+ Ke7 36. Rd4 Rc5 37. Kd2 Ne5 38. Bb3 Nd7 39. Rh4 Rf5 40. f3 Nc5 41. Bc2 Rg5 42. g4 Nd7 43. f4 Rg8 44. g5 Nf8 45. g3 Rg7 46. Ke3 Nd7 47. Rh8 f6 48. gxf6+ Nxf6 49. Kf3 Nd5 50. Rb8 Kf6 51. c4 Nb4 52. Be4 Rc7 53. Rxb6 Ke7 54. Rb7 Rxb7 55. Bxb7 Nd3 56. Bc6 e5 57. Bb5 Nc5 58. g4 exf4 59. Kxf4 Kf6 60. g5+ Kf7 61. Kf5 Kg7 62. Bc6 Kf7 63. g6+ Kg7 64. Bb5 Nb7 65. Bd7 Nd8 66. Bb5 Nb7 67. Ke6 Kxg6 68. Kd5 Kf6 69. Kc6 Nc5 70. Kxd6 Ne4+ 71. Kc7 Ke5 72. Kb6 Kd6 73. Kxa5 Kc7 74. Kb4 Nd6 75. c5 Nc8 76. Bf1 Kb7 77. Bg2+ Ka6 78. Bh3 Ne7 79. Bf1+ Kb7 80. Kb5 Kc7 81. a5 Nc6 82. Bg2 Na7+ 83. Kc4 Kb8 84. Bf3 Kc7 85. Be4 Kb8 86. Bh1 Kc7 87. Bg2 Kb8 88. a6 Nc8 89. Bb7 Ne7 90. c6 Nf5 91. Kc5 Ne3 92. Kd6 Nc4+ 93. Kd7 Nb6+ 94. Kd8 Nd5 95. Kd7 Nb6+ 96. Kd6 Nc4+ 97. Kc5 Ne3 98. Kd4 Nd1 99. Kd5 Nb2 100. Kc5 Na4+ 101. Kd6 Nb6 102. c7+ Ka7 103. c8Q 1-0

[Event "Warsaw AIG Life rapid"]
[Site "Warsaw"]
[Date "2005.12.18"]
[Round "12"]
[White "Jakubowski, Marcin"]
[Black "Hunt, Adam"]
[Result "1/2-1/2"]
[WhiteElo "2229"]
[BlackElo "2431"]
[PlyCount "106"]
[EventDate "2005.12.17"]
[EventType "swiss (rapid)"]
[EventRounds "13"]
[EventCountry "POL"]
[SourceTitle "CBM 110 Extra"]
[Source "ChessBase"]
[SourceDate "2006.03.10"]
[SourceVersion "2"]
[SourceVersionDate "2006.03.10"]
[SourceQuality "1"]

1. d4 Nf6 2. Nf3 e6 3. c4 b6 4. e3 Bb7 5. Bd3 c5 6. 0-0 Be7 7. Nbd2 0-0 8. b3 cxd4 9. Nxd4 d5 10. Bb2 dxc4 11. Bxc4 Nbd7 12. N2f3 Nc5 13. Qe2 a6 14. Rfd1 Qb8 15. a4 Bd6 16. h3 Qc7 17. Rac1 Qe7 18. Nc2 Nfe4 19. Nce1 b5 20. axb5 axb5 21. b4 bxc4 22. bxc5 Bxc5 23. Qxc4 Bd5 24. Qe2 Ra2 25. Nd3 Bd6 26. Nd2 Qg5 27. Nxe4 Bxe4 28. f4 Qb5 29. Rd2 Be7 30. Nf2 Qxe2 31. Rxe2 Bg6 32. Kf1 h5 33. Bd4 Rfa8 34. e4 Bh4 35. Rce1 Bg3 36. f5 exf5 37. exf5 Bxf5 38. Re8+ Rxe8 39. Rxe8+ Kh7 40. Ne4 Bf4 41. Re7 Bg6 42. Bf2 Ra4 43. Nc3 Rc4 44. Nd5 Bg5 45. Rc7 Ra4 46. Be3 Bh4 47. Ke2 Be4 48. Nc3 Rb4 49. Nxe4 Rxe4 50. Rxf7 Bf6 51. Kf3 Ra4 52. Rb7 Kg6 53. Rb3 Kf5 1/2-1/2

[Event "Warsaw AIG Life rapid"]
[Site "Warsaw"]
[Date "2005.12.17"]
[Round "2"]
[White "Jakubowski, Marcin"]
[Black "Balogh, Csaba"]
[Result "0-1"]
[WhiteElo "2229"]
[BlackElo "2567"]
[PlyCount "72"]
[EventDate "2005.12.17"]
[EventType "swiss (rapid)"]
[EventRounds "13"]
[EventCountry "POL"]
[SourceTitle "CBM 110 Extra"]
[Source "ChessBase"]
[SourceDate "2006.03.10"]
[SourceVersion "2"]
[SourceVersionDate "2006.03.10"]
[SourceQuality "1"]

1. d4 Nf6 2. Nf3 g6 3. c4 Bg7 4. Nc3 d5 5. Bg5 Ne4 6. cxd5 Nxg5 7. Nxg5 e6 8. Nf3 exd5 9. e3 0-0 10. Bd3 a5 11. 0-0 c6 12. a3 Re8 13. b4 b5 14. bxa5 Qxa5 15. Qb3 Bf8 16. a4 b4 17. Ne2 Nd7 18. Rfc1 Bb7 19. Nf4 Nf6 20. h3 Bd6 21. g3 Rec8 22. Kh2 Ba6 23. Bxa6 Qxa6 24. Nd3 Ne4 25. Kg2 Rab8 26. Nfe5 Bxe5 27. Nxe5 Nd2 28. Qc2 b3 29. Qb2 Nc4 30. Nxc4 dxc4 31. Rc3 Rb4 32. a5 Ra8 33. Rac1 Qb5 34. Qe2 Rxa5 35. Rxc4 b2 36. Qd1 Ra8 0-1

[Event "POL-chT 1st League"]
[Site "Ustron"]
[Date "2003.09.11"]
[Round "6"]
[White "Gralka, Przemyslaw"]
[Black "Jakubowski, Marcin"]
[Result "1-0"]
[WhiteElo "2253"]
[BlackElo "2223"]
[PlyCount "73"]
[EventDate "2003.09.06"]
[EventType "team-tourn"]
[EventRounds "9"]
[EventCountry "POL"]
[SourceTitle "EXT 2005"]
[Source "ChessBase"]
[SourceDate "2004.11.15"]
[SourceVersion "1"]
[SourceVersionDate "2004.11.15"]
[SourceQuality "1"]
[WhiteTeam "Bydgoszcz Chemik"]
[BlackTeam "Lomza Devo Maraton"]
[WhiteTeamCountry "POL"]
[BlackTeamCountry "POL"]

1. d4 f5 2. Nf3 Nf6 3. Bf4 e6 4. e3 Be7 5. h3 b6 6. Nbd2 Bb7 7. Bd3 0-0 8. c3 Ne4 9. Qe2 d6 10. 0-0-0 Nd7 11. Rhg1 Kh8 12. g4 Qe8 13. Kb1 Qf7 14. gxf5 exf5 15. Ng5 Bxg5 16. Bxg5 Rae8 17. h4 Ndf6 18. c4 Nh5 19. Qf1 h6 20. Bf4 Nxf4 21. exf4 Nxd2+ 22. Rxd2 Be4 23. f3 Bxd3+ 24. Qxd3 Qe6 25. Rdg2 Rf7 26. Kc2 Qe3 27. Qxe3 Rxe3 28. Rf2 Rfe7 29. Kd2 Kh7 30. h5 Kg8 31. d5 Kf8 32. b3 a5 33. Rgg2 Re1 34. Rh2 Ra1 35. Kc3 Ree1 36. Kb2 Rf1 37. Ka3 1-0

[Event "POL-chT 1st League"]
[Site "Ustron"]
[Date "2003.09.10"]
[Round "5"]
[White "Jakubowski, Marcin"]
[Black "Cichocki, Adam"]
[Result "0-1"]
[WhiteElo "2223"]
[BlackElo "2347"]
[PlyCount "52"]
[EventDate "2003.09.06"]
[EventType "team-tourn"]
[EventRounds "9"]
[EventCountry "POL"]
[SourceTitle "EXT 2005"]
[Source "ChessBase"]
[SourceDate "2004.11.15"]
[SourceVersion "1"]
[SourceVersionDate "2004.11.15"]
[SourceQuality "1"]
[WhiteTeam "Lomza Devo Maraton"]
[BlackTeam "Gdanski Drapol Jantar Pruszcz"]
[WhiteTeamCountry "POL"]
[BlackTeamCountry "POL"]

1. Nf3 d5 2. d4 Nf6 3. e3 Bf5 4. c4 e6 5. Nbd2 c6 6. Be2 Nbd7 7. b3 Bd6 8. Bb2 Ne4 9. 0-0 0-0 10. Nxe4 Bxe4 11. Nd2 Bg6 12. f4 f6 13. Bf3 Qe7 14. g3 Bd3 15. Re1 f5 16. c5 Bc7 17. b4 a5 18. Qb3 Ba6 19. bxa5 Bxa5 20. Bc3 Bc7 21. Be2 Rfb8 22. Rab1 Nf6 23. Qc2 Bxe2 24. Rxe2 Ra7 25. Rb3 Rba8 26. Rb2 Qf7 0-1

[Event "POL-chT 1st League"]
[Site "Ustron"]
[Date "2003.09.08"]
[Round "3"]
[White "Orzechowski, Jacek"]
[Black "Jakubowski, Marcin"]
[Result "1/2-1/2"]
[WhiteElo "2264"]
[BlackElo "2223"]
[PlyCount "40"]
[EventDate "2003.09.06"]
[EventType "team-tourn"]
[EventRounds "9"]
[EventCountry "POL"]
[SourceTitle "EXT 2005"]
[Source "ChessBase"]
[SourceDate "2004.11.15"]
[SourceVersion "1"]
[SourceVersionDate "2004.11.15"]
[SourceQuality "1"]
[WhiteTeam "Raciborz Rzemioslo"]
[BlackTeam "Lomza Devo Maraton"]
[WhiteTeamCountry "POL"]
[BlackTeamCountry "POL"]

1. d4 Nf6 2. Bg5 d5 3. e3 Nbd7 4. Nf3 e6 5. Bd3 Be7 6. Nbd2 b6 7. c3 Bb7 8. Qb1 c5 9. a4 a6 10. 0-0 h6 11. Bh4 0-0 12. b4 cxd4 13. cxd4 Rc8 14. b5 a5 15. Ra2 Bd6 16. Rc1 Rxc1+ 17. Qxc1 Qa8 18. Bg3 Bxg3 19. hxg3 Rc8 20. Rc2 Rxc2 1/2-1/2

[Event "POL-chT 1st League"]
[Site "Ustron"]
[Date "2003.09.06"]
[Round "1"]
[White "Olejarczyk, Bogdan"]
[Black "Jakubowski, Marcin"]
[Result "1/2-1/2"]
[WhiteElo "2186"]
[BlackElo "2223"]
[PlyCount "41"]
[EventDate "2003.09.06"]
[EventType "team-tourn"]
[EventRounds "9"]
[EventCountry "POL"]
[SourceTitle "EXT 2005"]
[Source "ChessBase"]
[SourceDate "2004.11.15"]
[SourceVersion "1"]
[SourceVersionDate "2004.11.15"]
[SourceQuality "1"]
[WhiteTeam "Warszawa AZS UW"]
[BlackTeam "Lomza Devo Maraton"]
[WhiteTeamCountry "POL"]
[BlackTeamCountry "POL"]

1. d4 Nf6 2. Bf4 g6 3. e3 Bg7 4. Nd2 0-0 5. Ngf3 d6 6. Bc4 Nbd7 7. c3 c6 8. 0-0 Nh5 9. Bg5 h6 10. Bh4 g5 11. Bg3 Nxg3 12. hxg3 e6 13. e4 Qe7 14. Re1 e5 15. dxe5 dxe5 16. Nf1 Nf6 17. Qc2 Ng4 18. Ne3 Nxe3 19. Rxe3 Bd7 20. Rd1 Rae8 21. Red3 1/2-1/2

[Event "POL-ch U18"]
[Site "Bartkowa"]
[Date "2002.??.??"]
[Round "?"]
[White "Tekielak, Sebastian"]
[Black "Jakubowski, Marcin"]
[Result "0-1"]
[WhiteElo "2180"]
[BlackElo "2239"]
[PlyCount "76"]
[EventDate "2002.01.??"]
[EventType "swiss"]
[EventRounds "10"]
[EventCountry "POL"]
[SourceTitle "EXT 2005"]
[Source "ChessBase"]
[SourceDate "2004.11.15"]
[SourceVersion "1"]
[SourceVersionDate "2004.11.15"]
[SourceQuality "1"]

1. e4 c5 2. Nc3 d6 3. f4 g6 4. Nf3 Bg7 5. g3 e6 6. d3 Nc6 7. Bg2 Nge7 8. 0-0 0-0 9. Ne2 b6 10. c3 Bb7 11. g4 f5 12. h3 Qd7 13. Ng3 Rae8 14. Qb3 Kh8 15. Ng5 Nd8 16. Bd2 h6 17. Nf3 e5 18. gxf5 gxf5 19. Nh4 fxe4 20. dxe4 exf4 21. Bxf4 Ne6 22. Ngf5 Nxf4 23. Rxf4 Kh7 24. Raf1 Nxf5 25. Nxf5 Be5 26. Rh4 Re6 27. Rf3 Qe8 28. Qc2 Rg8 29. Ne3 Reg6 30. Rg4 Rxg4 31. Nxg4 Qg6 32. Qe2 Bg7 33. Rf4 h5 34. Nh2 Be5 35. Rf5 Bxh2+ 36. Kxh2 Qxg2+ 37. Qxg2 Rxg2+ 38. Kh1 Bxe4 0-1

[Event "POL-ch U18"]
[Site "Zakopane"]
[Date "2001.01.23"]
[Round "8"]
[White "Zawadzki, Stanislaw"]
[Black "Jakubowski, Marcin"]
[Result "1-0"]
[WhiteElo "2335"]
[BlackElo "2234"]
[PlyCount "57"]
[EventDate "2001.01.16"]
[EventType "swiss"]
[EventRounds "11"]
[EventCountry "POL"]
[SourceTitle "EXT 2002"]
[Source "ChessBase"]
[SourceDate "2001.11.25"]
[SourceVersion "1"]
[SourceVersionDate "2001.11.25"]
[SourceQuality "1"]

1. e4 c5 2. Nf3 d6 3. d4 cxd4 4. Nxd4 Nf6 5. Nc3 a6 6. Be2 e6 7. 0-0 Be7 8. Be3 0-0 9. f4 Qc7 10. Qe1 Nc6 11. Qg3 Nxd4 12. Bxd4 b5 13. a3 Bb7 14. Kh1 Rac8 15. Rae1 Rfd8 16. Bd3 Ne8 17. Re3 Bf6 18. Bxf6 Nxf6 19. e5 Nd5 20. Nxd5 Bxd5 21. Qh4 h6 22. Rg3 Kh8 23. f5 exf5 24. Rxf5 dxe5 25. Rf6 Rd6 26. Rxg7 Kxg7 27. Qxh6+ Kg8 28. Bh7+ Kh8 29. Rxd6 1-0

[Event "POL-ch U18"]
[Site "Zakopane"]
[Date "2001.01.22"]
[Round "7"]
[White "Jakubowski, Marcin"]
[Black "Janaszak, Dawid"]
[Result "1-0"]
[WhiteElo "2234"]
[BlackElo "2134"]
[PlyCount "49"]
[EventDate "2001.01.16"]
[EventType "swiss"]
[EventRounds "11"]
[EventCountry "POL"]
[SourceTitle "EXT 2002"]
[Source "ChessBase"]
[SourceDate "2001.11.25"]
[SourceVersion "1"]
[SourceVersionDate "2001.11.25"]
[SourceQuality "1"]

1. d4 Nf6 2. c4 g6 3. Nc3 d5 4. Nf3 Bg7 5. cxd5 Nxd5 6. e4 Nxc3 7. bxc3 c5 8. Rb1 0-0 9. Be2 cxd4 10. cxd4 Qa5+ 11. Bd2 Qxa2 12. 0-0 Bg4 13. Bg5 h6 14. Bh4 g5 15. Bg3 Nc6 16. d5 Na5 17. Re1 Bc3 18. Ne5 Bxe5 19. Bxe5 Bxe2 20. Rxe2 Qc4 21. Re3 f6 22. Bc3 b6 23. Qh5 Kg7 24. h4 Rh8 25. e5 1-0

[Event "POL-ch U18"]
[Site "Zakopane"]
[Date "2001.01.20"]
[Round "5"]
[White "Jakubowski, Marcin"]
[Black "Urbanek, Marcin"]
[Result "1-0"]
[WhiteElo "2234"]
[BlackElo "2112"]
[PlyCount "41"]
[EventDate "2001.01.16"]
[EventType "swiss"]
[EventRounds "11"]
[EventCountry "POL"]
[SourceTitle "EXT 2002"]
[Source "ChessBase"]
[SourceDate "2001.11.25"]
[SourceVersion "1"]
[SourceVersionDate "2001.11.25"]
[SourceQuality "1"]

1. e4 d6 2. d4 Nf6 3. Nc3 g6 4. f3 Bg7 5. Be3 c6 6. Qd2 Qa5 7. Nge2 b5 8. 0-0-0 0-0 9. g4 Be6 10. a3 Bc4 11. h4 Nbd7 12. h5 c5 13. Bh6 Bxe2 14. Bxe2 b4 15. Nb1 Rfc8 16. Bxg7 Kxg7 17. hxg6 fxg6 18. Qh6+ Kf7 19. g5 cxd4 20. gxf6 Nxf6 21. Rxd4 1-0

[Event "POL-chT U19 2nd League"]
[Site "Krynica"]
[Date "2001.??.??"]
[Round "6"]
[White "Jakubowski, Marcin"]
[Black "Czakon, Jakub"]
[Result "1-0"]
[WhiteElo "2245"]
[BlackElo "2120"]
[PlyCount "40"]
[EventDate "2001.07.16"]
[EventType "team-swiss"]
[EventRounds "11"]
[EventCountry "POL"]
[SourceTitle "EXT 2003"]
[Source "ChessBase"]
[SourceDate "2002.11.25"]
[SourceVersion "1"]
[SourceVersionDate "2002.11.25"]
[SourceQuality "1"]
[WhiteTeam "Lomza Devo Maraton U19"]
[BlackTeam "Katowice Start U19"]
[WhiteTeamCountry "POL"]
[BlackTeamCountry "POL"]

1. d4 Nf6 2. c4 g6 3. Nc3 Bg7 4. Nf3 0-0 5. Bg5 d6 6. e3 Nbd7 7. Be2 c6 8. Qc2 a6 9. 0-0 e5 10. dxe5 dxe5 11. Rfd1 Qc7 12. Nd2 Nc5 13. b4 Ne6 14. Bxf6 Bxf6 15. c5 Be7 16. Nc4 Nd8 17. Nb6 Rb8 18. Nca4 Re8 19. Bc4 Bf8 20. Nxc8 Rxc8 1-0

[Event "POL-chT U19 2nd League"]
[Site "Krynica"]
[Date "2001.??.??"]
[Round "5"]
[White "Marszalek, Maciej"]
[Black "Jakubowski, Marcin"]
[Result "1/2-1/2"]
[WhiteElo "2170"]
[BlackElo "2245"]
[PlyCount "29"]
[EventDate "2001.07.16"]
[EventType "team-swiss"]
[EventRounds "11"]
[EventCountry "POL"]
[SourceTitle "EXT 2003"]
[Source "ChessBase"]
[SourceDate "2002.11.25"]
[SourceVersion "1"]
[SourceVersionDate "2002.11.25"]
[SourceQuality "1"]
[WhiteTeam "Czarna Czarnovia U19"]
[BlackTeam "Lomza Devo Maraton U19"]
[WhiteTeamCountry "POL"]
[BlackTeamCountry "POL"]

1. d4 Nf6 2. Nf3 g6 3. c4 Bg7 4. g3 0-0 5. Bg2 d5 6. 0-0 dxc4 7. Nc3 c5 8. d5 e6 9. e4 exd5 10. exd5 Bf5 11. Ne5 Re8 12. Nxc4 Ne4 13. Be3 Na6 14. Qb3 Qd7 15. Rad1 1/2-1/2

[Event "POL-ch U16"]
[Site "Wisla"]
[Date "2000.??.??"]
[Round "1"]
[White "Dryja, Piotr"]
[Black "Jakubowski, Marcin"]
[Result "0-1"]
[WhiteElo "2016"]
[BlackElo "2292"]
[PlyCount "132"]
[EventDate "2000.02.26"]
[EventType "swiss"]
[EventRounds "10"]
[EventCountry "POL"]
[SourceTitle "EXT 2005"]
[Source "ChessBase"]
[SourceDate "2004.11.15"]
[SourceVersion "1"]
[SourceVersionDate "2004.11.15"]
[SourceQuality "1"]

1. e4 c5 2. Nc3 d6 3. Nf3 Nf6 4. d4 cxd4 5. Nxd4 a6 6. Be2 e6 7. 0-0 Be7 8. Kh1 0-0 9. Be3 Qc7 10. Qe1 b5 11. a3 Bb7 12. f3 Nbd7 13. Qf2 Rac8 14. Rac1 Nc5 15. Rfd1 Qb8 16. Bf1 Rfd8 17. Nde2 Ncd7 18. Ba7 Qa8 19. Bd4 h6 20. Ng3 Bf8 21. Rd2 e5 22. Be3 d5 23. exd5 Nxd5 24. Nxd5 Bxd5 25. Rcd1 Nf6 26. Bb6 Re8 27. Bd3 e4 28. Bxe4 Bxe4 29. fxe4 Nxe4 30. Nxe4 Qxe4 31. c3 Rc6 32. Bd4 Rce6 33. Rf1 Qg6 34. Qf3 Bd6 35. Rdf2 f6 36. Qd5 Kh8 37. Qf3 Bb8 38. b3 Qg5 39. g3 Bd6 40. b4 Be5 41. Be3 Qg6 42. Bf4 Bxf4 43. Qxf4 Rc6 44. Qf3 Rec8 45. Rc1 Qf7 46. Rb2 Qc7 47. Rbc2 Rc4 48. Re2 Qc6 49. Qxc6 R8xc6 50. Re3 Kh7 51. Rd3 Re4 52. Ra1 Re2 53. a4 bxa4 54. Rxa4 Rc2 55. Ra1 Re6 56. h4 Kg6 57. Rg1 Ree2 58. Ra1 Kf5 59. Kg1 Kg4 60. Rad1 Rg2+ 61. Kf1 Rh2 62. Kg1 f5 63. c4 Kh3 64. g4+ Kxg4 65. c5 f4 66. c6 f3 0-1

[Event "POL-ch U16"]
[Site "Wisla"]
[Date "2000.??.??"]
[Round "6"]
[White "Jakubowski, Marcin"]
[Black "Debowiak, Marcin"]
[Result "0-1"]
[WhiteElo "2292"]
[BlackElo "2114"]
[PlyCount "106"]
[EventDate "2000.02.26"]
[EventType "swiss"]
[EventRounds "10"]
[EventCountry "POL"]
[SourceTitle "EXT 2005"]
[Source "ChessBase"]
[SourceDate "2004.11.15"]
[SourceVersion "1"]
[SourceVersionDate "2004.11.15"]
[SourceQuality "1"]

1. e4 e6 2. d4 d5 3. Nc3 Bb4 4. e5 Ne7 5. Bd2 b6 6. Nf3 Ba6 7. Bxa6 Nxa6 8. Ne2 Bxd2+ 9. Qxd2 c5 10. c3 Nb8 11. 0-0 Nbc6 12. Ng3 h5 13. Rfe1 h4 14. Nf1 Nf5 15. Ne3 Nce7 16. Nxf5 Nxf5 17. b4 c4 18. b5 Qd7 19. a4 a5 20. bxa6 Rxa6 21. Qc2 0-0 22. Reb1 Rfa8 23. Rb4 Ne7 24. Rab1 Nc8 25. Nxh4 Rxa4 26. R4b2 Ra1 27. g3 Qa4 28. Qd2 Rxb1+ 29. Rxb1 Qa2 30. Rb2 Qa1+ 31. Kg2 Ra3 32. Nf3 Kf8 33. Ng5 Ke8 34. h4 Ra7 35. h5 Ke7 36. Rc2 Qb1 37. g4 Ra1 38. Nf3 Kd7 39. Kg3 Kc6 40. g5 Qh1 41. g6 Qxh5 42. gxf7 Qxf7 43. Qg5 Ne7 44. Kg2 Qg6 45. Qxg6 Nxg6 46. Ng5 Nf8 47. Kf3 Rg1 48. Nf7 g5 49. Nd6 Ng6 50. Ke3 Nf4 51. Nf7 Nd3 52. Nh6 Kb5 53. Nf7 Ka4 0-1

[Event "POL-chT2 North U19"]
[Site "Biala Podlaska"]
[Date "2000.??.??"]
[Round "7"]
[White "Jakubowski, Marcin"]
[Black "Grzybowski, Eligiusz"]
[Result "1-0"]
[WhiteElo "2292"]
[BlackElo "2140"]
[PlyCount "50"]
[EventDate "2000.07.20"]
[EventType "team-swiss"]
[EventRounds "10"]
[EventCountry "POL"]
[SourceTitle "EXT 2003"]
[Source "ChessBase"]
[SourceDate "2002.11.25"]
[SourceVersion "1"]
[SourceVersionDate "2002.11.25"]
[SourceQuality "1"]
[WhiteTeam "Lomza Devo Maraton U19"]
[BlackTeam "Radom Orleta U19"]
[WhiteTeamCountry "POL"]
[BlackTeamCountry "POL"]

1. d4 d5 2. c4 e6 3. Nc3 c6 4. Nf3 dxc4 5. a4 Bb4 6. e3 b5 7. Bd2 a5 8. Ne5 Bb7 9. axb5 Bxc3 10. bxc3 cxb5 11. Rb1 Qd5 12. f3 f6 13. e4 Qd8 14. Nxc4 Ba6 15. Ne3 Qd7 16. Qb3 b4 17. Bc4 Bxc4 18. Nxc4 bxc3 19. Qxc3 Nc6 20. Nb6 Qb7 21. 0-0 Rb8 22. Bf4 Rd8 23. Nc4 Qe7 24. Rfd1 Nh6 25. d5 exd5 1-0